Statistics for 日本の市町村1999 #7(中国)

Click here to take the quiz!

General Stats

  • This quiz has been taken 12 times
  • The average score is 165 of 318

Answer Stats

都道府県郡名市町村名% Correct
岡山県岡山市
100%
岡山県倉敷市
100%
山口県下関市
90%
岡山県津山市
90%
岡山県玉野市
90%
岡山県総社市
90%
岡山県笠岡市
90%
岡山県備前市
90%
岡山県高梁市
90%
岡山県新見市
90%
岡山県邑久郡邑久町
90%
岡山県和気郡和気町
90%
広島県広島市
90%
島根県松江市
90%
山口県山口市
90%
鳥取県鳥取市
90%
山口県美祢市
80%
岡山県久米郡久米町
80%
広島県府中市
80%
広島県三次市
80%
広島県廿日市市
80%
島根県八束郡八束町
80%
広島県三原市
80%
広島県東広島市
80%
広島県呉市
80%
広島県福山市
80%
島根県大原郡加茂町
80%
鳥取県米子市
80%
岡山県苫田郡加茂町
80%
岡山県久米郡久米南町
80%
岡山県和気郡佐伯町
80%
鳥取県八頭郡若桜町
80%
島根県邇摩郡温泉津町
80%
岡山県赤磐郡山陽町
80%
岡山県御津郡御津町
80%
岡山県浅口郡金光町
80%
岡山県浅口郡鴨方町
80%
岡山県都窪郡早島町
80%
岡山県井原市
80%
鳥取県八頭郡郡家町
80%
島根県鹿足郡津和野町
80%
山口県阿武郡阿武町
80%
鳥取県岩美郡岩美町
80%
鳥取県境港市
80%
鳥取県倉吉市
80%
広島県庄原市
80%
広島県尾道市
80%
島根県江津市
80%
広島県佐伯郡佐伯町
80%
山口県長門市
80%
山口県柳井市
80%
山口県萩市
80%
山口県光市
80%
山口県小野田市
80%
山口県下松市
80%
山口県岩国市
80%
山口県徳山市
80%
山口県宇部市
80%
山口県厚狭郡山陽町
80%
広島県世羅郡世羅町
80%
広島県大竹市
80%
広島県竹原市
80%
島根県安来市
80%
島根県大田市
80%
島根県益田市
80%
島根県浜田市
80%
島根県出雲市
80%
鳥取県日野郡日野町
80%
岡山県真庭郡川上村
70%
岡山県小田郡矢掛町
70%
山口県阿武郡川上村
70%
山口県新南陽市
70%
山口県玖珂郡和木町
70%
山口県豊浦郡豊田町
70%
岡山県都窪郡清音村
70%
山口県防府市
70%
岡山県浅口郡里庄町
70%
広島県安芸郡府中町
70%
岡山県真庭郡新庄村
70%
岡山県英田郡西粟倉村
70%
広島県安芸郡海田町
70%
広島県安芸郡坂町
70%
広島県安芸郡熊野町
70%
岡山県苫田郡鏡野町
70%
岡山県阿哲郡哲西町
70%
山口県熊毛郡田布施町
70%
岡山県英田郡美作町
70%
山口県玖珂郡玖珂町
70%
広島県因島市
70%
岡山県和気郡日生町
70%
広島県比婆郡西城町
70%
山口県熊毛郡熊毛町
70%
岡山県赤磐郡瀬戸町
70%
山口県豊浦郡豊浦町
70%
広島県比婆郡東城町
70%
岡山県真庭郡勝山町
70%
島根県隠岐郡知夫村
70%
島根県仁多郡仁多町
70%
鳥取県気高郡気高町
70%
島根県八束郡宍道町
70%
鳥取県八頭郡智頭町
70%
島根県平田市
70%
鳥取県日野郡江府町
70%
島根県邑智郡邑智町
70%
鳥取県日野郡日南町
70%
島根県隠岐郡西ノ島町
70%
島根県隠岐郡海士町
70%
岡山県赤磐郡熊山町
60%
広島県甲奴郡甲奴町
60%
岡山県和気郡吉永町
60%
島根県邇摩郡仁摩町
60%
山口県熊毛郡平生町
60%
島根県仁多郡横田町
60%
山口県吉敷郡小郡町
60%
岡山県英田郡英田町
60%
広島県甲奴郡上下町
60%
岡山県英田郡東粟倉村
60%
岡山県川上郡川上町
60%
島根県大原郡木次町
60%
鳥取県西伯郡西伯町
60%
岡山県勝田郡勝央町
60%
鳥取県西伯郡大山町
60%
岡山県勝田郡奈義町
60%
岡山県真庭郡落合町
60%
島根県邑智郡川本町
60%
島根県邑智郡桜江町
60%
岡山県邑久郡長船町
60%
広島県御調郡御調町
60%
広島県佐伯郡宮島町
60%
広島県賀茂郡河内町
60%
広島県豊田郡安芸津町
60%
島根県八束郡東出雲町
60%
広島県豊田郡本郷町
60%
島根県八束郡島根町
60%
島根県八束郡美保関町
60%
鳥取県東伯郡三朝町
60%
山口県玖珂郡由宇町
60%
山口県熊毛郡上関町
60%
広島県神石郡神石町
60%
広島県深安郡神辺町
60%
岡山県阿哲郡哲多町
60%
岡山県阿哲郡大佐町
50%
岡山県真庭郡久世町
50%
鳥取県西伯郡日吉津村
50%
岡山県上房郡有漢町
50%
広島県世羅郡世羅西町
50%
広島県沼隈郡沼隈町
50%
島根県能義郡広瀬町
50%
島根県簸川郡斐川町
50%
鳥取県西伯郡淀江町
50%
鳥取県東伯郡羽合町
50%
島根県簸川郡大社町
50%
岡山県上房郡北房町
50%
岡山県久米郡旭町
50%
岡山県浅口郡寄島町
50%
山口県都濃郡鹿野町
50%
島根県那賀郡三隅町
50%
山口県大島郡大島町
50%
山口県玖珂郡大畠町
50%
山口県玖珂郡錦町
50%
山口県阿武郡須佐町
50%
島根県邑智郡石見町
50%
岡山県御津郡建部町
50%
島根県那賀郡旭町
50%
山口県阿武郡田万川町
50%
岡山県邑久郡牛窓町
50%
鳥取県八頭郡八東町
50%
鳥取県岩美郡福部村
50%
鳥取県八頭郡用瀬町
50%
山口県吉敷郡阿知須町
50%
島根県鹿足郡日原町
50%
島根県鹿足郡六日市町
50%
山口県阿武郡むつみ村
50%
鳥取県気高郡鹿野町
50%
島根県隠岐郡西郷町
50%
山口県大津郡三隅町
50%
岡山県吉備郡真備町
50%
広島県豊田郡川尻町
40%
山口県阿武郡旭村
40%
広島県豊田郡安浦町
40%
山口県大津郡油谷町
40%
鳥取県東伯郡大栄町
40%
山口県阿武郡阿東町
40%
広島県豊田郡大崎町
40%
鳥取県東伯郡北条町
40%
鳥取県八頭郡河原町
40%
広島県神石郡油木町
40%
山口県佐波郡徳地町
40%
山口県豊浦郡豊北町
40%
鳥取県気高郡青谷町
40%
広島県高田郡吉田町
40%
広島県山県郡戸河内町
40%
鳥取県東伯郡泊村
40%
鳥取県東伯郡東伯町
40%
鳥取県東伯郡赤碕町
40%
鳥取県東伯郡関金町
40%
広島県佐伯郡湯来町
40%
山口県美祢郡美東町
40%
広島県佐伯郡大野町
40%
島根県飯石郡三刀屋町
40%
岡山県久米郡中央町
40%
島根県飯石郡吉田村
40%
岡山県英田郡大原町
40%
岡山県赤磐郡吉井町
40%
岡山県赤磐郡赤坂町
40%
岡山県真庭郡美甘村
40%
岡山県御津郡加茂川町
40%
島根県飯石郡赤来町
40%
岡山県後月郡芳井町
40%
岡山県小田郡美星町
40%
島根県簸川郡湖陵町
40%
岡山県久米郡柵原町
40%
岡山県勝田郡勝田町
40%
岡山県上房郡賀陽町
40%
岡山県真庭郡中和村
40%
岡山県児島郡灘崎町
40%
岡山県真庭郡湯原町
40%
広島県安芸郡蒲刈町
40%
島根県隠岐郡都万村
40%
島根県鹿足郡柿木村
40%
岡山県川上郡成羽町
40%
鳥取県日野郡溝口町
40%
広島県安芸郡江田島町
40%
島根県八束郡玉湯町
40%
鳥取県東伯郡東郷町
30%
岡山県苫田郡上齋原村
30%
島根県飯石郡頓原町
30%
岡山県苫田郡阿波村
30%
岡山県苫田郡奥津町
30%
鳥取県西伯郡名和町
30%
島根県飯石郡掛合町
30%
山口県吉敷郡秋穂町
30%
鳥取県西伯郡中山町
30%
広島県山県郡筒賀村
30%
山口県厚狭郡楠町
30%
島根県大原郡大東町
30%
島根県邑智郡瑞穂町
30%
鳥取県八頭郡佐治村
30%
島根県那賀郡弥栄村
30%
山口県美祢郡秋芳町
30%
山口県大津郡日置町
30%
島根県隠岐郡五箇村
30%
山口県阿武郡福栄村
30%
島根県美濃郡匹見町
30%
鳥取県岩美郡国府町
30%
島根県美濃郡美都町
30%
岡山県都窪郡山手村
30%
山口県豊浦郡菊川町
30%
山口県大島郡久賀町
30%
島根県那賀郡金城町
30%
岡山県浅口郡船穂町
30%
島根県邑智郡大和村
30%
鳥取県八頭郡船岡町
30%
山口県玖珂郡周東町
30%
山口県熊毛郡大和町
30%
岡山県英田郡作東町
30%
広島県山県郡大朝町
30%
広島県賀茂郡黒瀬町
30%
広島県安芸郡下蒲刈町
30%
広島県豊田郡豊町
30%
広島県双三郡三和町
30%
岡山県川上郡備中町
30%
広島県神石郡三和町
30%
広島県山県郡加計町
30%
広島県世羅郡甲山町
30%
広島県御調郡久井町
30%
広島県豊田郡木江町
30%
広島県双三郡作木村
30%
広島県賀茂郡大和町
30%
島根県隠岐郡布施村
30%
広島県安芸郡倉橋町
30%
広島県佐伯郡吉和村
30%
広島県佐伯郡能美町
30%
広島県佐伯郡大柿町
30%
広島県双三郡三良坂町
30%
島根県簸川郡多伎町
30%
広島県双三郡君田村
30%
岡山県真庭郡八束村
30%
広島県山県郡千代田町
30%
広島県高田郡美土里町
30%
鳥取県西伯郡岸本町
30%
広島県高田郡高宮町
30%
広島県双三郡布野村
30%
島根県八束郡鹿島町
20%
山口県玖珂郡美川町
20%
山口県玖珂郡本郷村
20%
山口県大島郡橘町
20%
広島県豊田郡瀬戸田町
20%
山口県大島郡東和町
20%
広島県豊田郡東野町
20%
広島県高田郡甲田町
20%
広島県高田郡八千代町
20%
広島県佐伯郡沖美町
20%
島根県邑智郡羽須美村
20%
広島県豊田郡豊浜町
20%
岡山県苫田郡富村
20%
広島県芦品郡新市町
20%
広島県双三郡吉舎町
20%
岡山県勝田郡勝北町
20%
広島県甲奴郡総領町
20%
広島県神石郡豊松村
20%
広島県比婆郡比和町
20%
岡山県阿哲郡神郷町
20%
島根県能義郡伯太町
20%
広島県沼隈郡内海町
20%
広島県比婆郡高野町
20%
島根県簸川郡佐田町
20%
鳥取県西伯郡会見町
20%
広島県御調郡向島町
20%
山口県玖珂郡美和町
20%
広島県山県郡芸北町
20%
広島県比婆郡口和町
10%
広島県高田郡向原町
10%
広島県賀茂郡豊栄町
10%
広島県賀茂郡福富町
10%
島根県八束郡八雲村
10%
広島県安芸郡音戸町
10%
広島県山県郡豊平町
10%

Score Distribution

Percentile by Number Answered

Percent of People with Each Score

Your Score History

You have not taken this quiz